IFM Opac

Social Parternership or Class Struggle? (Record no. 17666)

MARC details
000 -LEADER
fixed length control field 00323nam a22001217a 4500
082 ## - DEWEY DECIMAL CLASSIFICATION NUMBER
Classification number 335.411 USE
100 ## - MAIN ENTRY--PERSONAL NAME
Personal name Usenin, V
245 ## - TITLE STATEMENT
Title Social Parternership or Class Struggle?
260 ## - PUBLICATION, DISTRIBUTION, ETC.
Place of publication, distribution, etc. Moscow
Name of publisher, distributor, etc. Pregress Publishers
Date of publication, distribution, etc. 1973
300 ## - PHYSICAL DESCRIPTION
Extent 258pg
Other physical details Ill,;21cm
650 ## - SUBJECT ADDED ENTRY--TOPICAL TERM
Topical term or geographic name entry element Social Parternership or Class Struggle?
942 ## - ADDED ENTRY ELEMENTS (KOHA)
Koha item type Books
Holdings
Withdrawn status Lost status Source of classification or shelving scheme Damaged status Not for loan Home library Current library Shelving location Date acquired Full call number Barcode Date last seen Price effective from Koha item type
    Dewey Decimal Classification     IFM Main Campus Library IFM Main Campus Library   08/04/2017 335.411 USE 0000005467 08/04/2017 08/04/2017 Books